[Event "Mittelrhein Verbandsliga-W 16/17"]
[Site "Nordrheinwestfalen"]
[Date "2016.09.11"]
[Round "1.2"]
[White "Dahms, Reinhard"]
[Black "Laschewski, Andreas"]
[Result "0-1"]
[WhiteElo "1905"]
[BlackElo "1965"]
[PlyCount "92"]
[EventDate "2016.09.11"]
[EventType "team-tourn"]
[EventRounds "11"]
[EventCountry "GER"]
[SourceTitle "EXT 2022"]
[Source "ChessBase"]
[SourceDate "2021.10.06"]
[SourceVersion "1"]
[SourceVersionDate "2021.10.06"]
[SourceQuality "1"]
[WhiteTeam "Bergheim"]
[BlackTeam "Pulheim"]
[WhiteTeamCountry "GER"]
[BlackTeamCountry "GER"]

1. e4 c5 2. Nc3 Nc6 3. g3 g6 4. Bg2 Bg7 5. d3 e6 6. Be3 d6 7. Qd2 Nge7 8. Bh6 Bxh6 9. Qxh6 Nd4 10. Qd2 Nec6 11. Nce2 e5 12. c3 Nxe2 13. Nxe2 Bg4 14. f4 Bxe2 15. Qxe2 Qd7 16. 0-0 0-0 17. f5 f6 18. fxg6 hxg6 19. Rf2 Kg7 20. Raf1 Rab8 21. h4 b5 22. g4 b4 23. Qf3 bxc3 24. bxc3 Qe7 25. Qg3 Rf7 26. Bf3 Nd8 27. Bd1 Rb1 28. g5 fxg5 29. Rxf7+ Nxf7 30. hxg5 Nxg5 31. Kf2 Ne6 32. Ke1 Qg5 33. Qh3 Qh5 34. Qxh5 gxh5 35. Kd2 Nf4 36. Rh1 Kh6 37. Kc2 Rb7 38. Bg4 Rg7 39. Bf3 Rg3 40. Rf1 h4 41. Kd2 Kg5 42. Ke3 h3 43. Rb1 Ng2+ 44. Ke2 Nh4 45. Rb8 Nxf3 46. Kf2 Kg4 0-1